[Event "4NCL Online Division 3"]
[Site "online"]
[Date "2020.08.25"]
[Round "1.42"]
[White "Healy, John"]
[Black "Menadue, Jeremy F S"]
[Result "0-1"]
[WhiteElo "1889"]
[BlackElo "2050"]
[PlyCount "68"]
[EventDate "2020.08.25"]
[WhiteTeam "St Benildus B"]
[BlackTeam "Trelawny's Army"]

1. e4 Nf6 2. e5 Nd5 3. d4 d6 4. Nf3 Nc6 5. c4 Nb6 6. exd6 cxd6 7. Nc3 g6 8. Be2
Bg7 9. Be3 O-O 10. h3 d5 11. c5 Nc4 12. Bxc4 dxc4 13. d5 Nb4 14. O-O Bf5 15.
Bd4 Bd3 16. Qd2 Bxd4 17. Nxd4 Bxf1 18. Rxf1 Nxd5 19. Ne4 Nf6 20. Nxf6+ exf6 21.
Qc3 Qd5 22. c6 bxc6 23. Rc1 Rab8 24. Nf3 Kg7 25. a4 Rfe8 26. Rc2 Rb3 27. Qxc4
Qxc4 28. Rxc4 Rxb2 29. Rxc6 Ree2 30. Rc7 Rxf2 31. Ne1 Rfe2 32. Rc1 Ra2 33. Kf1
Re4 34. Nd3 Rexa4 0-1

[Event "4NCL Online Division 3"]
[Site "online"]
[Date "2020.08.25"]
[Round "1.43"]
[White "Kneebone, Robin F G"]
[Black "Boland, Dylan"]
[Result "1-0"]
[WhiteElo "1982"]
[BlackElo "1850"]
[PlyCount "65"]
[EventDate "2020.08.25"]
[WhiteTeam "Trelawny's Army"]
[BlackTeam "St Benildus B"]

1. d4 Nf6 2. c4 e6 3. g3 d5 4. Nf3 c6 5. Bg2 Bd6 6. O-O Nbd7 7. Nc3 O-O 8. Nd2
Re8 9. e4 dxe4 10. Ndxe4 Bc7 11. Bg5 h6 12. Be3 Nb6 13. b3 e5 14. Nxf6+ Qxf6
15. c5 Nd7 16. d5 cxd5 17. Nxd5 Qd8 18. Nxc7 Qxc7 19. Qd6 Qa5 20. c6 bxc6 21.
Bxc6 Qa6 22. Qc7 Rb8 23. Bxd7 Rb7 24. Bxc8 Qxf1+ 25. Kxf1 Rxc7 26. Bg4 Kf8 27.
Rd1 f6 28. Bf5 Kf7 29. Be4 Ree7 30. Rd6 Rcd7 31. Ra6 Rc7 32. b4 Ke8 33. Bc5 1-0

[Event "4NCL Online Division 3"]
[Site "online"]
[Date "2020.08.25"]
[Round "1.44"]
[White "Cooney, Brendan"]
[Black "Hassall, Mark I"]
[Result "0-1"]
[WhiteElo "1818"]
[BlackElo "1942"]
[PlyCount "68"]
[EventDate "2020.08.25"]
[WhiteTeam "St Benildus B"]
[BlackTeam "Trelawny's Army"]

1. e4 c5 2. Nc3 Nc6 3. f4 g6 4. Nf3 Bg7 5. Bb5 Nd4 6. O-O a6 7. Bd3 d6 8. Nxd4
cxd4 9. Ne2 Nf6 10. c3 dxc3 11. dxc3 O-O 12. Qe1 Qc7 13. Qh4 Be6 14. b3 b5 15.
f5 Bd7 16. Bh6 Qc5+ 17. Kh1 Bxh6 18. Qxh6 Ng4 19. Qh4 Ne5 20. Rad1 Qe3 21. Nf4
Bc6 22. Rfe1 Qc5 23. Nh3 Qxc3 24. Ng5 h5 25. Re3 Nxd3 26. g4 Qg7 27. Rdxd3 hxg4
28. Qxg4 Rac8 29. Rh3 gxf5 30. Qxf5 Bxe4+ 31. Qxe4 Rc1+ 32. Kg2 Qb2+ 33. Kf3
Rf1+ 34. Kg4 f5+ 0-1

[Event "4NCL Online Division 3"]
[Site "online"]
[Date "2020.08.25"]
[Round "1.51"]
[White "Sandhu, Manvith"]
[Black "Peacock, Malcolm R"]
[Result "1/2-1/2"]
[WhiteElo "1907"]
[BlackElo "2013"]
[PlyCount "79"]
[EventDate "2020.08.25"]
[WhiteTeam "Warwickshire Bears A"]
[BlackTeam "Preston South End"]

1. e4 e6 2. d4 d5 3. Bd3 dxe4 4. Bxe4 c5 5. Ne2 Nf6 6. Bf3 Nc6 7. Be3 cxd4 8.
Nxd4 Bd7 9. Nxc6 Bxc6 10. Bxc6+ bxc6 11. Qxd8+ Kxd8 12. Nc3 Bb4 13. O-O-O+ Kc7
14. Bf4+ Kb7 15. Rd3 Rad8 16. Rhd1 Kc8 17. a3 Bc5 18. f3 Rxd3 19. Rxd3 Rd8 20.
Rxd8+ Kxd8 21. Kd2 Kd7 22. Kd3 Bg1 23. h3 Nh5 24. Be3 Bh2 25. Bxa7 Nf4+ 26. Ke3
Nxg2+ 27. Kf2 Nh4 28. b4 Ng6 29. Bd4 f6 30. Ne4 Kc7 31. Nc5 Nf8 32. a4 Bd6 33.
Nd3 Nd7 34. c3 e5 35. Be3 f5 36. Ke2 h5 37. Nb2 Be7 38. Nc4 g5 39. a5 Kb7 40.
Kd3 1/2-1/2

[Event "4NCL Online Division 3"]
[Site "online"]
[Date "2020.08.25"]
[Round "1.52"]
[White "Pennington, Geoffrey"]
[Black "Shearsby, Jude"]
[Result "1-0"]
[WhiteElo "1765"]
[BlackElo "1937"]
[PlyCount "103"]
[EventDate "2020.08.25"]
[WhiteTeam "Preston South End"]
[BlackTeam "Warwickshire Bears A"]

1. e4 Nc6 2. Nf3 d6 3. d3 Nf6 4. g3 g6 5. Bg2 Bg7 6. Nbd2 O-O 7. O-O e5 8. a4
Ne8 9. Nc4 f5 10. exf5 gxf5 11. Bg5 Bf6 12. Bxf6 Qxf6 13. Qd2 Be6 14. b3 Rd8
15. Qg5+ Qxg5 16. Nxg5 Ng7 17. Nxe6 Nxe6 18. Bd5 Kf7 19. f4 Ke7 20. fxe5 Nxe5
21. Nxe5 dxe5 22. Bxb7 Nd4 23. Rf2 f4 24. gxf4 Rxf4 25. Rxf4 exf4 26. Re1+ Kf6
27. Re4 Kf5 28. Re7 c6 29. Rxh7 Re8 30. c3 Ne2+ 31. Kf2 Nxc3 32. Bxc6 Nd1+ 33.
Kf1 Ne3+ 34. Ke2 Rb8 35. Be4+ Kf6 36. Rxa7 Rxb3 37. Kf3 Kg5 38. Ra5+ Kf6 39.
Kxf4 Nd1 40. h4 Rb8 41. h5 Rh8 42. h6 Nc3 43. Ra6+ Ke7 44. Ke5 Nxa4 45. Ra7+
Kf8 46. Ra8+ Kf7 47. Rxh8 Nc5 48. Rc8 Nd7+ 49. Kf5 Nb6 50. Rc7+ Kg8 51. Kg6 Kh8
52. Rb7 1-0

[Event "4NCL Online Division 3"]
[Site "online"]
[Date "2020.08.25"]
[Round "1.53"]
[White "Dicen, Imogen"]
[Black "Tillotson, Carl"]
[Result "1/2-1/2"]
[WhiteElo "1892"]
[BlackElo "1697"]
[PlyCount "150"]
[EventDate "2020.08.25"]
[WhiteTeam "Warwickshire Bears A"]
[BlackTeam "Preston South End"]

1. e4 c5 2. Bc4 g6 3. Nc3 Bg7 4. Nge2 Nc6 5. d3 e6 6. O-O Nge7 7. a3 O-O 8. Ng3
a6 9. f4 d5 10. exd5 exd5 11. Ba2 b6 12. Qf3 d4 13. Nd5 Bb7 14. Bd2 Nxd5 15.
Bxd5 Qd7 16. Rae1 Rad8 17. Bb3 Na5 18. Qf2 Nxb3 19. cxb3 Rfe8 20. f5 Rxe1 21.
Rxe1 Re8 22. Rf1 Qd5 23. Ne4 Qxf5 24. Qxf5 gxf5 25. Nd6 Re2 26. Rf2 Rxf2 27.
Kxf2 Bd5 28. b4 Be6 29. bxc5 bxc5 30. b4 cxb4 31. Bxb4 Bh6 32. g3 Be3+ 33. Ke2
Kg7 34. Nb7 Bc8 35. Nc5 h5 36. Kf3 Kf6 37. h4 Ke5 38. Ba5 Kd5 39. Nb3 Bb7 40.
Ke2 f4 41. gxf4 Bxf4 42. Bd8 Bc6 43. Bb6 Be3 44. Nc5 Bb5 45. Ne4 Ke6 46. Ng3
Bc1 47. Bc5 Kd5 48. Bb4 a5 49. Bxa5 Bxa3 50. Nxh5 Be7 51. Be1 Be8 52. Ng7 Bd7
53. h5 Bg4+ 54. Kd2 Bg5+ 55. Kc2 Bh6 56. Ne8 Ke6 57. Bf2 Bxh5 58. Bxd4 f5 59.
Nc7+ Kd6 60. Nb5+ Kd5 61. Bf2 Bg7 62. Nc3+ Bxc3 63. Kxc3 Bg4 64. Bg3 Bh3 65.
Bf4 Bg4 66. Kc2 Bh3 67. Kd2 Bg4 68. Ke3 Bh3 69. d4 Bg4 70. Be5 Bd1 71. Kf4 Bc2
72. Ke3 Bb1 73. Kf4 Bc2 74. Ke3 Bb1 75. Kf4 Bc2 1/2-1/2

[Event "4NCL Online Division 3"]
[Site "online"]
[Date "2020.08.25"]
[Round "1.54"]
[White "De Santos, Andrew"]
[Black "Chen, Daniel Xingyu"]
[Result "1/2-1/2"]
[WhiteElo "1546"]
[BlackElo "1825"]
[PlyCount "84"]
[EventDate "2020.08.25"]
[WhiteTeam "Preston South End"]
[BlackTeam "Warwickshire Bears A"]

1. d4 Nf6 2. Nf3 c5 3. c3 e6 4. Bg5 d5 5. Nbd2 Nc6 6. e3 h6 7. Bxf6 Qxf6 8. g3
b6 9. Bg2 Bd6 10. O-O Bb7 11. Re1 O-O 12. Rb1 a5 13. dxc5 bxc5 14. e4 Ne5 15.
Nxe5 Bxe5 16. exd5 exd5 17. Qf3 Qxf3 18. Bxf3 Bd6 19. c4 Rfd8 20. Bxd5 Bxd5 21.
cxd5 Bc7 22. Nf3 Rxd5 23. Red1 Rad8 24. Rxd5 Rxd5 25. b3 g5 26. h3 f5 27. Rc1
Kf7 28. Kf1 f4 29. g4 Ke6 30. Ke2 Be5 31. Rd1 Rxd1 32. Kxd1 Kd5 33. Ke2 Bg7 34.
h4 Bf6 35. hxg5 hxg5 36. Kd3 Be7 37. Nd2 Ke5 38. f3 Kd5 39. Nc4 Bd8 40. Nd2 Be7
41. Nc4 Bd8 42. Nd2 Be7 1/2-1/2

[Event "4NCL Online Division 3"]
[Site "online"]
[Date "2020.08.25"]
[Round "1.61"]
[White "Lockett, Karl"]
[Black "Shah, Kian"]
[Result "0-1"]
[WhiteElo "1892"]
[BlackElo "1492"]
[PlyCount "60"]
[EventDate "2020.08.25"]
[WhiteTeam "Crewe AOL"]
[BlackTeam "Harrow 3"]

1. Nf3 d5 2. c4 e6 3. b3 Nf6 4. Bb2 Be7 5. g3 O-O 6. Bg2 c5 7. cxd5 exd5 8. d4
Nc6 9. O-O Bg4 10. Ne5 Bf5 11. Nxc6 bxc6 12. dxc5 Bxc5 13. Nc3 Re8 14. Rc1 Bb4
15. e3 a5 16. a3 Bd6 17. Ne2 Rc8 18. Nd4 Bg4 19. Qd3 c5 20. Nb5 Be5 21. Nc3 c4
22. bxc4 dxc4 23. Qc2 Qb6 24. Na4 Qc7 25. Bxe5 Qxe5 26. Nb6 Rc7 27. Nxc4 Qe6
28. Qa4 Rec8 29. Qxa5 Rxc4 30. Rxc4 Qxc4 0-1

[Event "4NCL Online Division 3"]
[Site "online"]
[Date "2020.08.25"]
[Round "1.62"]
[White "Gurjar, Roshan"]
[Black "Gardiner, Harry"]
[Result "1-0"]
[WhiteElo "1326"]
[BlackElo "1847"]
[PlyCount "110"]
[EventDate "2020.08.25"]
[WhiteTeam "Harrow 3"]
[BlackTeam "Crewe AOL"]

1. e4 c5 2. Nf3 d6 3. d4 cxd4 4. Nxd4 Nf6 5. Nc3 a6 6. Be3 Ng4 7. Bg5 h6 8. Bh4
g5 9. Bg3 Bg7 10. Qd2 Qb6 11. O-O-O Nc6 12. Nxc6 bxc6 13. Kb1 O-O 14. Bc4 Rb8
15. Bb3 Be6 16. Rhe1 c5 17. Nd5 Bxd5 18. Qxd5 Bd4 19. f3 Ne3 20. Rxe3 Bxe3 21.
Be1 e6 22. Qd3 Bd4 23. Bc3 Bxc3 24. Qxc3 e5 25. Bc4 a5 26. b3 a4 27. Qd3 axb3
28. cxb3 Qb4 29. Rc1 Rbd8 30. Qc2 Qa5 31. g3 Qc7 32. h4 Qe7 33. hxg5 Qxg5 34.
Qf2 Kh8 35. Rh1 f5 36. Qe2 fxe4 37. Qxe4 Qf5 38. Qxf5 Rxf5 39. Bd5 Kg7 40. Kc2
Rg5 41. g4 Rd7 42. Kd3 Ra7 43. a4 h5 44. Rxh5 Rxh5 45. gxh5 Kh6 46. Ke4 Kxh5
47. Kf5 Ra6 48. Bc4 Ra7 49. Ke6 Kg5 50. Kxd6 Kf4 51. Bd5 Ra5 52. Kc6 c4 53.
Bxc4 Kxf3 54. Kb6 Ra8 55. Bd5+ e4 1-0

[Event "4NCL Online Division 3"]
[Site "online"]
[Date "2020.08.25"]
[Round "1.63"]
[White "Hulme, David I"]
[Black "Ivan, Austin"]
[Result "0-1"]
[WhiteElo "1866"]
[BlackElo "1290"]
[PlyCount "92"]
[EventDate "2020.08.25"]
[WhiteTeam "Crewe AOL"]
[BlackTeam "Harrow 3"]

1. e4 c5 2. Nf3 e6 3. d4 cxd4 4. Nxd4 a6 5. a4 Qc7 6. Nc3 b6 7. Bd3 Bb7 8. Be3
Bb4 9. Nde2 Nf6 10. f3 d5 11. O-O Bc5 12. Qd2 O-O 13. exd5 Nxd5 14. Bxc5 Qxc5+
15. Kh1 Qe3 16. Rad1 Qxd2 17. Rxd2 Nxc3 18. Nxc3 Nc6 19. Rfd1 Rfd8 20. Be4 Rxd2
21. Rxd2 Rd8 22. Rxd8+ Nxd8 23. Kg1 Kf8 24. Kf2 h6 25. Ke3 Ke7 26. g4 Bxe4 27.
Nxe4 Nb7 28. b4 Nd6 29. Nxd6 Kxd6 30. c4 g6 31. Kd4 f6 32. f4 g5 33. fxg5 hxg5
34. Ke4 Kc6 35. h3 a5 36. bxa5 bxa5 37. Kd4 Kd6 38. Ke4 Kc5 39. Kd3 f5 40. gxf5
exf5 41. Kc3 f4 42. Kd3 f3 43. Ke3 Kxc4 44. Kxf3 Kb4 45. Ke3 Kxa4 46. Kd3 Kb3
0-1

[Event "4NCL Online Division 3"]
[Site "online"]
[Date "2020.08.25"]
[Round "1.64"]
[White "Gurjar, Siena"]
[Black "Layhe, Neville"]
[Result "1-0"]
[WhiteElo "1106"]
[BlackElo "1682"]
[PlyCount "63"]
[EventDate "2020.08.25"]
[WhiteTeam "Harrow 3"]
[BlackTeam "Crewe AOL"]

1. e4 c5 2. Nf3 Nc6 3. d4 cxd4 4. Nxd4 Nf6 5. Nc3 g6 6. f4 d6 7. Nxc6 bxc6 8.
e5 Bg4 9. Qd3 dxe5 10. Qxd8+ Rxd8 11. fxe5 Nd5 12. Nxd5 Rxd5 13. Bf4 Bg7 14. h3
Bf5 15. Be2 Bxe5 16. c4 Bxb2 17. cxd5 Bxa1 18. dxc6 Bc3+ 19. Kf2 Bd4+ 20. Kg3
f6 21. Rc1 e5 22. Bd2 Bc8 23. c7 h5 24. h4 Rh7 25. Bb5+ Ke7 26. Rc6 Rg7 27.
Bb4+ Kd7 28. Kf3 e4+ 29. Kxe4 Be5 30. Rxf6+ Kxc7 31. Kxe5 Bb7 32. Ba5+ 1-0

[Event "4NCL Online Division 3"]
[Site "online"]
[Date "2020.08.25"]
[Round "1.71"]
[White "Pleasants, Allan J"]
[Black "Price, Chris"]
[Result "1-0"]
[WhiteElo "2110"]
[BlackElo "2126"]
[PlyCount "85"]
[EventDate "2020.08.25"]
[WhiteTeam "Wessex Some Stars B"]
[BlackTeam "Morriston Alekhine"]

1. e4 e6 2. d4 d5 3. Nd2 dxe4 4. Nxe4 Bd7 5. Nf3 Bc6 6. Bd3 Nd7 7. O-O Ngf6 8.
Neg5 Bd6 9. Re1 O-O 10. Ne5 Qe7 11. c4 h6 12. Nxc6 bxc6 13. Nf3 Bb4 14. Re2 Qd8
15. c5 Rb8 16. a3 Bxc5 17. dxc5 Nxc5 18. Bc2 Nd5 19. Qd4 Nd7 20. b4 N7f6 21.
Bb2 Qe7 22. Ne5 Rb6 23. Rc1 Rd8 24. Qc4 Rd6 25. Bd4 Rb7 26. Bc5 Nb6 27. Qh4 Qf8
28. Ng4 Nfd7 29. Bxd6 cxd6 30. Re3 Nd5 31. Rg3 Kh8 32. Ne3 Nc3 33. Re1 f5 34.
Nxf5 exf5 35. Re7 Nf6 36. Rxb7 Ne2+ 37. Kf1 Nxg3+ 38. hxg3 Qe8 39. Bxf5 Qe5 40.
Rb8+ Ng8 41. Qe4 Qa1+ 42. Qe1 Qxa3 43. Rxg8+ 1-0

[Event "4NCL Online Division 3"]
[Site "online"]
[Date "2020.08.25"]
[Round "1.72"]
[White "McCarthy, Maurice"]
[Black "Pentakota, Rajasekhar"]
[Result "0-1"]
[WhiteElo "1978"]
[BlackElo "1997"]
[PlyCount "72"]
[EventDate "2020.08.25"]
[WhiteTeam "Morriston Alekhine"]
[BlackTeam "Wessex Some Stars B"]

1. c4 Nf6 2. Nc3 e5 3. Nf3 d6 4. d4 exd4 5. Nxd4 g6 6. Bg5 Bg7 7. e3 O-O 8. Be2
Nbd7 9. h4 h6 10. Bf4 Re8 11. Qc2 Ne5 12. h5 c5 13. Ndb5 a6 14. Na3 g5 15. Bxe5
Rxe5 16. O-O-O Qe7 17. Qd2 Bf8 18. f4 Rxe3 19. fxg5 hxg5 20. h6 Bf5 21. h7+
Bxh7 22. Rxh7 Kxh7 23. Rh1+ Kg8 24. Bf3 Re8 25. Nc2 Re5 26. Qd3 Bg7 27. Bd5 b5
28. cxb5 axb5 29. Bc6 c4 30. Qd4 Rb8 31. Nb4 Re1+ 32. Rxe1 Qxe1+ 33. Kc2 g4 34.
Qxd6 Rf8 35. Bxb5 Ne4 36. Qd1 Bxc3 0-1

[Event "4NCL Online Division 3"]
[Site "online"]
[Date "2020.08.25"]
[Round "1.73"]
[White "Weatherlake, John P"]
[Black "McGuinness, Simon P"]
[Result "0-1"]
[WhiteElo "1975"]
[BlackElo "1834"]
[PlyCount "56"]
[EventDate "2020.08.25"]
[WhiteTeam "Wessex Some Stars B"]
[BlackTeam "Morriston Alekhine"]

1. Nc3 c5 2. e4 Nc6 3. Nge2 g6 4. d4 cxd4 5. Nxd4 Bg7 6. Be3 d6 7. Bc4 Nf6 8.
f3 O-O 9. Qd2 Bd7 10. O-O-O Ne5 11. Bb3 Rc8 12. Kb1 Nc4 13. Bxc4 Rxc4 14. g4
Qb8 15. h4 b5 16. h5 e6 17. Nce2 Rfc8 18. Bh6 Bh8 19. Ng3 Nxg4 20. fxg4 Rxd4
21. Qg5 Rxd1+ 22. Rxd1 Qc7 23. Rd2 Be5 24. hxg6 hxg6 25. Nh5 Qd8 26. Nf4 Bf6
27. Nxe6 Bxg5 28. Nxd8 Bxd2 0-1

[Event "4NCL Online Division 3"]
[Site "online"]
[Date "2020.08.25"]
[Round "1.74"]
[White "Howells, Chris"]
[Black "Mcleod, Fraser"]
[Result "0-1"]
[WhiteElo "1767"]
[BlackElo "1967"]
[PlyCount "57"]
[EventDate "2020.08.25"]
[WhiteTeam "Morriston Alekhine"]
[BlackTeam "Wessex Some Stars B"]

1. Nf3 c5 2. e4 e6 3. d3 g6 4. Nbd2 Bg7 5. g3 Nc6 6. Bg2 Nge7 7. O-O d5 8. Re1
b6 9. c3 Bb7 10. Qe2 Qd7 11. a4 a5 12. Nf1 Rd8 13. e5 Qc7 14. d4 cxd4 15. cxd4
Nb4 16. Bg5 O-O 17. Rac1 Qd7 18. b3 Ba6 19. Qd2 Nd3 20. Rc3 Nxe1 21. Qxe1 Rc8
22. Re3 Rc2 23. h4 Rfc8 24. Qa1 Rc1 25. Qa3 Nf5 26. Re2 Bxe2 27. Bxc1 Bxf3 28.
Bxf3 Nxd4 29. Bd1 0-1

[Event "4NCL Online Division 3"]
[Site "online"]
[Date "2020.08.25"]
[Round "1.81"]
[White "Jenkins, John"]
[Black "Soyel, Hamit"]
[Result "1/2-1/2"]
[WhiteElo "2042"]
[BlackElo "1870"]
[PlyCount "67"]
[EventDate "2020.08.25"]
[WhiteTeam "Stroud Oldies"]
[BlackTeam "Kent KJCA Kestrels C"]

1. d4 Nf6 2. c4 g6 3. Nc3 d5 4. cxd5 Nxd5 5. e4 Nxc3 6. bxc3 Bg7 7. Bc4 c5 8.
Ne2 Nc6 9. Be3 O-O 10. O-O Na5 11. Bd3 b6 12. f4 Bg4 13. e5 cxd4 14. cxd4 Rc8
15. h3 Be6 16. f5 Bc4 17. fxg6 hxg6 18. Bf4 e6 19. Qd2 Bxd3 20. Qxd3 Qd5 21. h4
Nc4 22. Qg3 Qe4 23. Rae1 Nb2 24. Rf3 Rc2 25. Re3 Qf5 26. Qf3 Qh5 27. Qxh5 gxh5
28. Rg3 Kh7 29. Rg5 Nd3 30. Rxh5+ Kg6 31. Rg5+ Kh7 32. Rh5+ Kg6 33. Rg5+ Kh7
34. Rh5+ 1/2-1/2

[Event "4NCL Online Division 3"]
[Site "online"]
[Date "2020.08.25"]
[Round "1.82"]
[White "Verma, Shlok"]
[Black "Brown, Graham K"]
[Result "1-0"]
[WhiteElo "1945"]
[BlackElo "1795"]
[PlyCount "56"]
[EventDate "2020.08.25"]
[WhiteTeam "Kent KJCA Kestrels C"]
[BlackTeam "Stroud Oldies"]

1. d4 d5 2. c4 dxc4 3. Nf3 Nf6 4. Nc3 Bd7 5. Bg5 h6 6. Bh4 c6 7. e3 b5 8. a4 b4
9. Na2 c3 10. bxc3 bxc3 11. Nxc3 Qa5 12. Qd2 e6 13. Bxf6 gxf6 14. Bd3 Bb4 15.
Rc1 Rg8 16. O-O Bc8 17. Qc2 Qh5 18. Be2 Ba6 19. Ne4 Ke7 20. Ng3 Qd5 21. Bxa6
Nxa6 22. Qxc6 Qxc6 23. Rxc6 Nb8 24. Rc7+ Kf8 25. Nh5 Rg6 26. Rb1 Bd6 27. Rc8+
Ke7 28. Rb7+ Nd7 1-0

[Event "4NCL Online Division 3"]
[Site "online"]
[Date "2020.08.25"]
[Round "1.83"]
[White "Walker, Adrian"]
[Black "Jamroz, Viktor"]
[Result "0-1"]
[WhiteElo "1671"]
[BlackElo "1899"]
[PlyCount "72"]
[EventDate "2020.08.25"]
[WhiteTeam "Stroud Oldies"]
[BlackTeam "Kent KJCA Kestrels C"]

1. e4 e6 2. Nf3 d5 3. e5 c5 4. b4 cxb4 5. d4 Nc6 6. Bd3 h6 7. a3 Bd7 8. axb4
Nxb4 9. Be2 Rc8 10. c3 Nc6 11. O-O a6 12. Bd2 Nge7 13. Bd3 Na7 14. Nh4 Bb5 15.
Bxb5+ Nxb5 16. f4 Nf5 17. Nxf5 exf5 18. e6 fxe6 19. Qh5+ Kd7 20. Re1 Bd6 21.
Qe2 Re8 22. Rc1 g5 23. g3 gxf4 24. Bxf4 Bxf4 25. gxf4 Nxd4 26. Qd1 Qb6 27. Kh1
Nb3 28. Nd2 Nxc1 29. Nf3 Nb3 30. Ne5+ Kd8 31. c4 Nxa1 32. cxd5 Nb3 33. dxe6+
Qd4 34. Nf7+ Ke7 35. Qxb3 Rc1+ 36. Kg2 Qd2+ 0-1

[Event "4NCL Online Division 3"]
[Site "online"]
[Date "2020.08.25"]
[Round "1.84"]
[White "Merriman, James"]
[Black "Reekie-Black, Matthew"]
[Result "1-0"]
[WhiteElo "1828"]
[BlackElo "1600"]
[PlyCount "119"]
[EventDate "2020.08.25"]
[WhiteTeam "Kent KJCA Kestrels C"]
[BlackTeam "Stroud Oldies"]

1. d4 Nf6 2. c4 c5 3. d5 b5 4. a4 Qa5+ 5. Bd2 b4 6. Qc2 d6 7. e4 g6 8. Bd3 Bg7
9. f4 Qd8 10. Nf3 e6 11. O-O O-O 12. h3 a5 13. Bc1 Nbd7 14. Nbd2 exd5 15. cxd5
Nb6 16. Rb1 Bd7 17. b3 Qc8 18. Nc4 Nxc4 19. Bxc4 Qd8 20. Bb2 Qe7 21. Rbe1 Rae8
22. e5 Nh5 23. Bc1 Ng3 24. Rf2 Nf5 25. g4 Nh4 26. Bb2 Nxf3+ 27. Rxf3 Qh4 28.
Qf2 Qxf2+ 29. Kxf2 f5 30. g5 Re7 31. Rfe3 Rfe8 32. e6 Bc8 33. Bf6 Ra7 34. Bb5
Ree7 35. Bxe7 Rxe7 36. Kf3 Bd4 37. R3e2 Kg7 38. Bd7 Bb7 39. Bc6 Ba6 40. Bb5 Bb7
41. Bc4 Ba8 42. Kg3 Bb7 43. h4 h5 44. gxh6+ Kxh6 45. Kh3 Kh5 46. Rg2 Bf6 47.
Reg1 Rg7 48. Be2+ Kh6 49. Bf3 Ba6 50. h5 c4 51. Rxg6+ Rxg6 52. Rxg6+ Kh7 53.
Rxf6 c3 54. Bd1 Be2 55. Bc2 Bxh5 56. e7 Kg7 57. Rf8 Bf7 58. e8=Q Bxe8 59. Rxe8
Kf7 60. Ra8 1-0

[Event "4NCL Online Division 3"]
[Site "online"]
[Date "2020.08.25"]
[Round "1.91"]
[White "Chaplin, Peter E"]
[Black "Hortin, Matthew J"]
[Result "1/2-1/2"]
[WhiteElo "2020"]
[BlackElo "1930"]
[PlyCount "58"]
[EventDate "2020.08.25"]
[WhiteTeam "Clevedon"]
[BlackTeam "Mushrooms 2"]

1. b3 c5 2. Bb2 d5 3. e3 Nc6 4. Bb5 Bd7 5. Nf3 a6 6. Bxc6 Bxc6 7. O-O Nf6 8. d3
e6 9. Ne5 Qc7 10. Nd2 h5 11. f4 Bd6 12. Ndf3 Bxe5 13. Nxe5 O-O-O 14. Qe2 h4 15.
f5 h3 16. g3 d4 17. Nxc6 Qxc6 18. e4 e5 19. Bc1 Rh7 20. Bg5 Rdh8 21. a4 Rh5 22.
Bxf6 Qxf6 23. a5 Qg5 24. f6 gxf6 25. Rf5 Qg6 26. Raf1 Rxf5 27. Rxf5 Qh6 28. Qf1
Qe3+ 29. Kh1 Rh6 1/2-1/2

[Event "4NCL Online Division 3"]
[Site "online"]
[Date "2020.08.25"]
[Round "1.92"]
[White "Rydahl, Johan"]
[Black "Spiller, Paul"]
[Result "1-0"]
[WhiteElo "1922"]
[BlackElo "1892"]
[PlyCount "86"]
[EventDate "2020.08.25"]
[WhiteTeam "Mushrooms 2"]
[BlackTeam "Clevedon"]

1. d4 f5 2. g3 Nf6 3. Bg2 e6 4. Nf3 Be7 5. c4 O-O 6. O-O Ne4 7. b3 c5 8. Bb2
Bf6 9. Qc2 Nc6 10. dxc5 Nb4 11. Qc1 Nxc5 12. Bxf6 Qxf6 13. Nc3 a6 14. a3 Nc6
15. Rb1 d6 16. b4 Ne4 17. Nxe4 fxe4 18. Nd2 d5 19. cxd5 exd5 20. Nb3 Bg4 21.
Qd2 Rad8 22. f3 exf3 23. exf3 Bh5 24. Qb2 Bg6 25. Qxf6 Rxf6 26. Rb2 d4 27. Rd2
d3 28. f4 b6 29. Rc1 Nd4 30. Nxd4 Rxd4 31. Rc3 Re6 32. Kf2 a5 33. bxa5 bxa5 34.
Rc5 Red6 35. Rxa5 Rb6 36. Ke3 Rd8 37. f5 Bh5 38. Rxd3 Re8+ 39. Kd4 Rd6+ 40.
Bd5+ Kf8 41. Kc3 Rc8+ 42. Kd2 Ke7 43. Be4 Rdc6 1-0

[Event "4NCL Online Division 3"]
[Site "online"]
[Date "2020.08.25"]
[Round "1.93"]
[White "Peters, David"]
[Black "Nash, Richard J"]
[Result "1/2-1/2"]
[WhiteElo "1795"]
[BlackElo "1915"]
[PlyCount "138"]
[EventDate "2020.08.25"]
[WhiteTeam "Clevedon"]
[BlackTeam "Mushrooms 2"]

1. e4 c5 2. g3 d5 3. exd5 Qxd5 4. Qf3 Nf6 5. Nc3 Qe5+ 6. Qe2 Qxe2+ 7. Ngxe2 Bd7
8. Bg2 Bc6 9. O-O Bxg2 10. Kxg2 Nc6 11. a3 e6 12. d3 Be7 13. Be3 Rd8 14. Rad1
e5 15. f4 Ng4 16. Bg1 h5 17. h3 Nh6 18. fxe5 Nxe5 19. Nb5 O-O 20. Nxa7 h4 21.
Nb5 f5 22. Nc7 Rf6 23. Nf4 Rc6 24. Ncd5 Bg5 25. gxh4 Bxh4 26. Bf2 Bg5 27. c4
Bxf4 28. Nxf4 g5 29. Nd5 Kg7 30. Rfe1 Nhf7 31. b3 b6 32. d4 Ng6 33. Re2 Rd7 34.
Rde1 Kh6 35. Re6 Rdd6 36. Rxd6 Nxd6 37. Ne3 Nf4+ 38. Kf3 cxd4 39. Nc2 d3 40.
Nb4 Rc8 41. Nxd3 Nxd3 42. Re6+ Kh5 43. Rxd6 Ne5+ 44. Kg2 b5 45. Rd5 Ng6 46.
Rxb5 Nf4+ 47. Kf3 Rd8 48. Rxf5 Rd3+ 49. Be3 Nxh3 50. Ke4 Rxb3 51. Bxg5 Nxg5+
52. Kf4 Rxa3 53. Rxg5+ Kh6 54. Rg8 Rc3 55. Rc8 Kg6 56. Ke5 Kf7 57. Kd6 Rd3+ 58.
Kc6 Ke7 59. c5 Rc3 60. Kb6 Rb3+ 61. Kc7 Rc3 62. c6 Rc1 63. Rb8 Rc2 64. Rb6 Rc1
65. Kb7 Kd8 66. Kb8 Rc2 67. c7+ Rxc7 68. Rd6+ Rd7 69. Rxd7+ Kxd7 1/2-1/2

[Event "4NCL Online Division 3"]
[Site "online"]
[Date "2020.08.25"]
[Round "1.94"]
[White "Joslin, Tim"]
[Black "Chindelevitch, Leonid"]
[Result "1-0"]
[WhiteElo "1810"]
[BlackElo "1810"]
[PlyCount "73"]
[EventDate "2020.08.25"]
[WhiteTeam "Mushrooms 2"]
[BlackTeam "Clevedon"]

1. e4 d5 2. exd5 Nf6 3. Bb5+ c6 4. dxc6 Nxc6 5. Nc3 e5 6. d3 Bb4 7. Bg5 Qa5 8.
Bxc6+ bxc6 9. Nge2 Nd5 10. Bd2 Bg4 11. f3 Be6 12. a3 Be7 13. Ne4 Qb6 14. Qc1 h6
15. c4 Nf6 16. Be3 Qb3 17. Qc3 Qb8 18. O-O O-O 19. Kh1 Nd7 20. f4 f5 21. N4g3
Bf6 22. Nh5 exf4 23. Nxf6+ Nxf6 24. Bxf4 Qe8 25. Nd4 Bd7 26. Bd6 Qh5 27. Bxf8
Rxf8 28. Rae1 Ng4 29. h3 f4 30. Re7 Ne5 31. Nf3 Bxh3 32. Qxe5 Bxg2+ 33. Kxg2
Qg4+ 34. Kf2 Rf6 35. Rg1 Qh3 36. Rexg7+ Kh8 37. Rg8+ 1-0

[Event "4NCL Online Division 3"]
[Site "online"]
[Date "2020.08.25"]
[Round "1.101"]
[White "Evans, Harry G"]
[Black "Williams, David"]
[Result "1-0"]
[WhiteElo "1870"]
[BlackElo "1900"]
[PlyCount "51"]
[EventDate "2020.08.25"]
[WhiteTeam "CSC 4"]
[BlackTeam "Ashfield Anonymous B"]

1. d4 g6 2. Nc3 c6 3. e4 d5 4. exd5 cxd5 5. Bf4 Bg7 6. Nf3 e6 7. Nb5 Na6 8. c3
Bf8 9. Bd3 Qb6 10. O-O Bd7 11. a4 Bc6 12. Re1 Be7 13. Qe2 Kf8 14. Ng5 Be8 15.
Qf3 Kg7 16. c4 h6 17. c5 Qd8 18. Nxe6+ fxe6 19. Rxe6 Bf7 20. Rae1 Bxe6 21. Rxe6
Bf6 22. Qg4 Ne7 23. Rxe7+ Qxe7 24. Qxg6+ Kf8 25. Bd6 Re8 26. Qxf6+ 1-0

[Event "4NCL Online Division 3"]
[Site "online"]
[Date "2020.08.25"]
[Round "1.102"]
[White "Burke, Steven J"]
[Black "Mason, Ian"]
[Result "0-1"]
[WhiteElo "1922"]
[BlackElo "1772"]
[PlyCount "100"]
[EventDate "2020.08.25"]
[WhiteTeam "Ashfield Anonymous B"]
[BlackTeam "CSC 4"]

1. e4 c5 2. d4 cxd4 3. c3 Nf6 4. e5 Nd5 5. cxd4 Nc6 6. Bc4 Nb6 7. Bb3 d6 8.
exd6 Qxd6 9. Be3 Be6 10. Ne2 g6 11. O-O Bg7 12. Nbc3 Bxb3 13. Qxb3 O-O 14. d5
Na5 15. Qb5 Nac4 16. Bxb6 Nxb6 17. Rfd1 Rfd8 18. Rd3 Rac8 19. Rad1 Nc4 20. Ne4
Qd7 21. Rb3 Qxb5 22. Rxb5 Nxb2 23. Rb1 Rc2 24. N2g3 b6 25. Nf1 Na4 26. a3 f5
27. R5b4 b5 28. Ne3 Ra2 29. Ng5 Nc3 30. Re1 Rxa3 31. Ne6 Rd6 32. Nxg7 Kxg7 33.
Rb2 Kf6 34. g4 a5 35. gxf5 gxf5 36. Nc2 Ra4 37. Rb3 b4 38. Ne3 Nxd5 39. Nc4 Re6
40. Rd1 Nc3 41. Rd7 Ra1+ 42. Kg2 Re4 43. Nd2 Rg4+ 44. Kf3 a4 45. Rb2 a3 46. Rc2
Rh1 47. Ke3 a2 48. Nb3 Rb1 49. Rxa2 Nxa2 50. Ra7 Rxb3+ 0-1